[Event "SVK-ch Region"]
[Site "Sklene Teplice"]
[Date "2005.??.??"]
[Round "?"]
[White "Sadovsky, Julius"]
[Black "Surina, Ludovit"]
[Result "1-0"]
[WhiteElo "1658"]
[BlackElo "1493"]
[PlyCount "73"]
[EventDate "2005.??.??"]
[EventType "swiss"]
[EventRounds "9"]
[EventCountry "SVK"]
[SourceTitle "EXT 2007"]
[Source "ChessBase"]
[SourceDate "2006.11.23"]
[SourceVersion "1"]
[SourceVersionDate "2006.11.23"]
[SourceQuality "1"]

1. e4 e5 2. Nf3 Nc6 3. Bb5 Qf6 4. d3 h6 5. Nc3 Nge7 6. 0-0 Nd4 7. Nxd4 exd4 8. Ne2 a6 9. Ba4 b5 10. Bb3 c5 11. a4 Bb7 12. c3 Nc6 13. Bd5 Be7 14. Ng3 0-0 15. Bd2 Rab8 16. Qg4 Ne5 17. Qe2 Bxd5 18. exd5 b4 19. Ne4 Qg6 20. c4 f5 21. d6 Bxd6 22. Nxd6 Qxd6 23. Bf4 Rbe8 24. Rae1 Qf6 25. Bxe5 d6 26. Bxf6 Rxe2 27. Rxe2 Rxf6 28. Re8+ Kh7 29. b3 f4 30. Rfe1 Kg6 31. R1e6 Kf5 32. Rxf6+ Kxf6 33. Ra8 g5 34. Rxa6 Ke5 35. Ra8 Kf6 36. Rh8 Kg6 37. Rd8 1-0